000 00828nam a2200253 i 4500
001 bg
003 BPK
005 20220406160930.0
008 020509s1977 pl a f 000 0 pol
015 _aPB 1977/7762
040 _aWA N
_cBPK
080 _a69
245 0 0 _aRoboty wykończeniowe w budownictwie uprzemysłowionym /
_cBożena Kozera [et al.].
260 _aWarszawa :
_b"Arkady",
_c1977.
300 _a299, [1] s., [12] k. tabl. kolor. :
_bil. ;
_c25 cm.
504 _aBibliogr. przy rozdz.
650 4 _aStolarka budowlana.
650 4 _aTynkarstwo.
650 4 _aDekarstwo
700 1 _aKozera-Wolska, Bożenna.
710 2 _aWydawnictwo "Arkady".
_4pbl.
856 _uhttp://koha.tu.koszalin.pl/cgi-bin/koha/opac-detail.pl?biblionumber=4869
_yKatalog online BPK
942 _2UKD
_cKS
999 _c4869
_d4869